00871nam a22002417a 450000500170000001000130001702000220003003500130005203700160006504000120008108200230009310000260011624500690014226000500021127000490026130000260031050000510033665000280038765000280041594200320044399900190047595201350049420170124110230.0 aA-896359 c00.00a8170189187 aA-896359 bCen Lib/Ret aDPLbEN a748.502820954bGUP aGupta, Samita 941170 aGlass Paintings :cby Samita Gupta ban ephemeral art in India / a New DelhibB.R. Publishing corporationc1997 bNew Delhia1, Ansari road, Daryaganje110002 a33p.:c28cm(Hb)bill. aIncludes bibliographical references and index  aArt and craftz 941171 aGlass paintings 941172 2ddccENh748.502820954mGUP c134592d134592 001040718REFaLbLd2015-07-30eCen Lib/Retg0.00l0o748.502820954 GUPpA-896359r2015-07-30 00:00:00t1v0.00w2015-07-30yEN